[Event "FRA-chT Top 12 2019"]
[Site "Brest"]
[Date "2019.05.28"]
[Round "11.3"]
[White "Gozzoli, Yannick"]
[Black "Bailet, Pierre"]
[Result "1-0"]
[WhiteElo "2622"]
[BlackElo "2466"]
[Annotator "TA"]
[PlyCount "71"]
[EventDate "2019.05.18"]
[EventType "team-tourn"]
[EventCountry "FRA"]
[SourceTitle "playchess.com"]
[Source "ChessBase"]
[SourceQuality "1"]

{[%evp 12,71,10,9,40,12,51,13,22,4,2,19,39,34,34,26,48,24,40,34,27,30,29,27,23,24,24,28,43,46,36,43,42,16,10,8,20,7,19,18,22,18,31,21,56,77,72,37,88,88,204,231,275,270,277,289,475,477,464,460,522,501]} 1. d4 d5 2. c4 e6 3. Nc3 Be7 4. cxd5 exd5 5. Bf4 c6 6. e3 Bf5 7. Nge2 Qb6 {D31: Queen's Gambit Declined: Semi-Slav without ...Nf6 (+ Marshall Gambit and Noteboom) and Exchange Variation lines without ...Nf6} (7... Nd7 8. Ng3 Bg6 9. Be2 Ngf6 10. h4 h5 11. Bg5 Ne4 12. Bxe7 Qxe7 13. Nxh5 Bxh5 14. Bxh5 g6 15. Nxe4 Rxh5 16. Ng3 Rxh4 17. Rxh4 Qxh4 {½-½ (52) Navara,D (2741)-Harikrishna,P (2739) Linares 2018}) 8. Qd2 Nd7 9. Ng3 Bg6 {The position is equal.} 10. h4 h5 $1 11. Bd3 $146 ({Predecessor:} 11. O-O-O O-O-O 12. Nxd5 cxd5 13. Qc3+ Nc5 14. Bd3 Qb4 15. Qc2 {1-0 (57) Karpman,V (2500)-Magomedov,M (2360) Minsk 1990}) 11... Nf8 12. Nf5 Bxf5 13. Bxf5 g6 14. Bd3 Nf6 15. O-O-O O-O-O 16. Be5 {Black must now prevent Na4.} N8d7 17. Bg3 Nf8 {[%cal Bd7f8,Bf8e6,Be6c7][%mdl 32]} 18. f3 Bd6 19. Bf2 Qa5 20. Kb1 Kb8 21. Rhf1 Ne6 22. Ne2 (22. Rc1 {is more complex.} c5 23. dxc5 Nxc5 24. Rfd1 Be5 25. Bf1) 22... Qxd2 23. Rxd2 Rhe8 24. a3 Re7 25. b4 {[%cal Bb2b4,Bb4a5][%mdl 32]} Nc7 26. Nc3 Rde8 27. Re2 a5 28. bxa5 Bxa3 29. Ra2 Bb4 ({Black should try} 29... Bd6 $14) 30. Kc2 $1 $16 c5 {[#]} (30... Rxe3 $16 31. Rb1 Bxc3 32. Bxe3 Rxe3 33. Kxc3 Ne4+ 34. Kc2 (34. fxe4 dxe4 {[%mdl 64] Pin} 35. Rd2 Nb5+ 36. Kb4 exd3 $11) 34... Nd6) 31. Rb1 $1 $18 Bxc3 32. Kxc3 c4 {[#]} 33. Bc2 $1 Rxe3+ $2 (33... Ka7 {keeps fighting.} 34. Rab2 Na8) 34. Bxe3 {White is clearly winning.} Rxe3+ 35. Kd2 Re6 36. Rab2 {Accuracy: White = 63%, Black = 33%.} 1-0

[Event "FRA-chT Top 12 2019"]
[Site "Brest"]
[Date "2019.05.28"]
[Round "11.3"]
[White "Tabatabaei, M.amin"]
[Black "Villegas, Pierre"]
[Result "1-0"]
[WhiteElo "2610"]
[BlackElo "2354"]
[Annotator "TA"]
[PlyCount "69"]
[EventDate "2019.05.18"]
[EventType "team-tourn"]
[EventCountry "FRA"]
[SourceTitle "playchess.com"]
[Source "ChessBase"]
[SourceQuality "1"]

{[%evp 9,69,21,26,18,22,8,19,18,33,33,60,60,77,72,66,68,83,77,87,91,106,62,85,75,90,92,84,80,80,85,103,102,102,94,149,93,102,114,145,98,94,88,100,94,100,82,87,82,218,196,228,223,225,218,219,207,534,517,710,708,680,647]} 1. Nf3 d5 2. d4 e6 3. c4 a6 4. Bg5 (4. e3 Nf6 5. Nc3 dxc4 6. Bxc4 b5 7. Be2 Bb7 8. O-O Nbd7 9. b3 c5 10. Bb2 Be7 11. Rc1 O-O 12. Qc2 Rc8 13. Qb1 Qb6 14. Rfd1 Rfd8 15. h3 h6 16. dxc5 Nxc5 17. Rxd8+ Rxd8 {0-1 (59) Mamedyarov,S (2817)-Carlsen,M (2835) St Petersburg 2018}) 4... Be7 5. Bxe7 Qxe7 6. Nbd2 {D30: Queen's Gambit Declined: Systems without Nc3} Nf6 7. g3 O-O 8. Bg2 {The position is equal.} Rd8 $146 ({Predecessor:} 8... b6 9. O-O Bb7 10. cxd5 Bxd5 11. Qc2 h6 {1-0 (44) Lysyj,I (2635)-Moroni,L (2564) Skopje 2019}) 9. Rc1 Nc6 10. O-O Ne4 11. e3 Nxd2 12. Nxd2 Qe8 13. a3 dxc4 14. Nxc4 Bd7 15. b4 Rab8 16. Qc2 Rdc8 17. Rfe1 Qe7 18. h4 Be8 19. Red1 Rd8 20. Nb2 Rdc8 21. Nd3 Nd8 ({Better is} 21... a5) 22. Ne5 (22. Nc5 $142) 22... f6 23. Nd3 Bg6 24. Qb3 Bxd3 25. Rxd3 c6 26. Bh3 Rc7 27. e4 Kh8 28. Re1 e5 (28... Ra8 $16) 29. dxe5 $18 Qxe5 30. Red1 Qe8 31. Rd7 $1 {[%cal Rd7c7]} Rxd7 32. Rxd7 $40 {[%mdl 128] White wants a kill.} Qxe4 $2 {[#]} (32... b6 33. Qc4 a5) 33. Qd1 $1 {[%cal Rd1d6] Qd6 would kill now.White is clearly winning.} Qe8 {[#]} 34. Qd6 $1 {[%cal Rd6b8]} Ra8 35. Re7 {Accuracy: White = 68%, Black = 34%.} 1-0

[Event "FRA-chT Top 12 2019"]
[Site "Brest"]
[Date "2019.05.28"]
[Round "11.3"]
[White "Van Foreest, Jorden"]
[Black "Brochet, Philippe"]
[Result "1-0"]
[WhiteElo "2601"]
[BlackElo "2400"]
[Annotator "TA"]
[PlyCount "39"]
[EventDate "2019.05.18"]
[EventType "team-tourn"]
[EventCountry "FRA"]
[SourceTitle "playchess.com"]
[Source "ChessBase"]
[SourceQuality "1"]

{[%evp 9,39,31,23,16,25,25,85,68,83,59,79,68,85,33,89,76,100,95,147,136,133,141,134,122,123,136,406,406,399,399,379,389]} 1. d4 d5 2. c4 e6 3. Nc3 a6 4. cxd5 exd5 5. Qb3 (5. Nf3 h6 6. Bf4 Nf6 7. e3 Bd6 8. Bxd6 Qxd6 9. Qc2 O-O 10. Bd3 Re8 11. h3 Be6 12. O-O Nbd7 13. a4 {½-½ (40) Shankland,S (2725)-Carlsen,M (2835) Wijk aan Zee 2019}) 5... c6 6. e4 {D31: Queen's Gambit Declined: Semi-Slav without ...Nf6 (+ Marshall Gambit and Noteboom) and Exchange Variation lines without ...Nf6} dxe4 7. Bc4 Qc7 (7... Qe7 $11) 8. Nxe4 $146 {White is better.} ({Predecessor:} 8. a4 Nf6 9. Bg5 Bf5 10. Nge2 Bd6 11. Ng3 Bxg3 12. fxg3 Bg6 {1-0 (32) Martinovic,S (2529)-Drazic,S (2422) Sarajevo 2016}) 8... b5 9. Bd3 $1 Be6 10. Qc2 $1 Nd7 11. Nf3 (11. Ne2 $16) 11... Ngf6 (11... Bb4+ $14 12. Bd2 Bxd2+ 13. Nexd2 (13. Qxd2 Ngf6 $11) 13... Ngf6) 12. O-O $36 {[%mdl 2048] Black is under strong pressure.} h6 13. a4 Rc8 ({Black should play} 13... bxa4 14. Qxa4 (14. Rxa4 Be7 $16) 14... Be7) 14. axb5 axb5 {[#]} 15. Nxf6+ $1 Nxf6 {[#]} 16. Bf5 $1 Bxf5 17. Qxf5 {Ra7! is the strong threat.} Rd8 $2 {[%mdl 8192]} (17... Bd6 $16 {might work better.} 18. Re1+ Kf8) 18. Re1+ $18 {White is winning.} Be7 19. Bf4 Qb7 {[#]} 20. Rxe7+ $1 {[%mdl 576] Remove Defender, Clearance. Accuracy: White = 86%, Black = 32%.} 1-0

[Event "FRA-chT Top 12 2019"]
[Site "Brest"]
[Date "2019.05.28"]
[Round "11.3"]
[White "Lagarde, Maxime"]
[Black "Lefebvre, Herve"]
[Result "1-0"]
[WhiteElo "2600"]
[BlackElo "2291"]
[Annotator "TA"]
[PlyCount "75"]
[EventDate "2019.05.18"]
[EventType "team-tourn"]
[EventCountry "FRA"]
[SourceTitle "playchess.com"]
[Source "ChessBase"]
[SourceQuality "1"]

{[%evp 16,75,27,18,54,13,2,18,36,-3,64,57,68,73,71,64,82,26,33,12,39,0,53,13,47,47,33,0,35,40,32,44,97,0,106,107,80,10,70,64,67,77,102,93,116,119,130,139,176,170,273,256,279,266,317,289,362,370,351,357,771,802]} 1. e4 c5 2. c3 Nf6 3. e5 Nd5 4. Nf3 Nc6 5. Bc4 Nb6 6. Bb3 c4 7. Bc2 d5 8. exd6 Qxd6 9. O-O Bg4 {B22: Sicilian: 2 c3} 10. Qe2 (10. Re1 e6 11. b3 Be7 12. Na3 cxb3 13. axb3 Qd7 14. Nc4 Nxc4 15. bxc4 O-O 16. d4 Rfd8 17. Be4 {½-½ (49) Zhigalko,S (2604)-Carlsen,M (2835) St Petersburg 2018}) 10... Qf6 11. Be4 e6 $146 {The position is equal.} ({Predecessor:} 11... Ne5 12. Bxb7 Nxf3+ 13. Bxf3 Bxf3 14. Qxf3 Qxf3 15. gxf3 e6 16. b3 O-O-O 17. Re1 {1-0 (38) Stevic,H (2579)-Sebenik,M (2570) Biograd 2018}) 12. b3 cxb3 (12... Ne5 $11) 13. axb3 $14 Bd6 14. d4 O-O 15. Qd3 h6 16. Be3 (16. Nbd2 $16) 16... Nd5 $11 17. Nbd2 a6 18. b4 Rac8 ({Better is} 18... Bf5 $11) 19. Rfc1 Nf4 20. Qf1 Bf5 21. Kh1 g5 22. b5 axb5 23. Qxb5 g4 (23... Qg6 $14 24. Bxf5 Qxf5 25. Qxf5 (25. Qxb7 Ne2 $11) 25... exf5) 24. Ng1 (24. g3 $16 {aiming for Nh4.} Ng2 25. Bxf5 Nxe3 26. fxe3 exf5 27. Ne1) 24... Qg6 {[#]} (24... Ne7 $11 {keeps the balance.}) 25. Bxf5 $1 $16 exf5 26. Nf1 ({Stronger than} 26. Qxb7 Nd3 $17) (26. g3 $16 Ne6 27. Ne2 (27. Qxb7 f4 $11)) 26... Nh5 (26... Ne7 $11) 27. Qxb7 $14 f4 28. Bd2 Nf6 29. f3 gxf3 30. Nxf3 Ne4 31. Be1 Kh8 32. N1d2 f5 ({Don't blunder} 32... Rg8 $2 33. Nh4 $18) (32... Nxd2 {was worth a try.} 33. Bxd2 Rg8) 33. Nh4 $18 Qh5 {[#] And now ...Nxd2 would win.} 34. Ndf3 Rg8 35. Qd7 Ne7 36. Ra6 Rcd8 37. Qe6 Ng5 $2 (37... Rg7 38. c4 Ng5 39. Nxg5 hxg5) 38. Qf6+ {Accuracy: White = 51%, Black = 21%.} 1-0

[Event "FRA-chT Top 12 2019"]
[Site "Brest"]
[Date "2019.05.28"]
[Round "11.3"]
[White "Santos Ruiz, Miguel"]
[Black "Feller, Sebastien"]
[Result "1/2-1/2"]
[WhiteElo "2549"]
[BlackElo "2587"]
[Annotator "TA"]
[PlyCount "40"]
[EventDate "2019.05.18"]
[EventType "team-tourn"]
[EventCountry "FRA"]
[SourceTitle "playchess.com"]
[Source "ChessBase"]
[SourceQuality "1"]

{[%evp 15,40,19,16,17,11,11,19,10,10,16,10,8,7,9,9,7,20,20,15,15,15,18,15,20,15,16,27]} 1. e4 e5 2. Nf3 Nc6 3. Bb5 Nf6 4. O-O Nxe4 5. Re1 Nd6 6. Nxe5 Nxe5 $146 ({Predecessor:} 6... Be7 7. Bf1 Nxe5 {½-½ (33) Alekseev,E (2647)-Dominguez Perez,L (2750) Sochi 2019}) 7. Rxe5+ Be7 8. Bf1 O-O {The position is equal.} 9. Nc3 {C67: Ruy Lopez: Berlin Defence: 4 0-0 Nxe4} Ne8 10. Nd5 Bd6 11. Re1 c6 12. Ne3 Be7 13. c4 Nc7 14. d4 d5 15. cxd5 Bb4 16. Bd2 Bxd2 17. Qxd2 Nxd5 18. Nxd5 Qxd5 19. Re5 Qd6 20. Bc4 Bd7 {Accuracy: White = 100%, Black = 86%.} 1/2-1/2

[Event "FRA-chT Top 12 2019"]
[Site "Brest"]
[Date "2019.05.28"]
[Round "11.3"]
[White "Smith, Axel"]
[Black "Naiditsch, Arkadij"]
[Result "0-1"]
[WhiteElo "2481"]
[BlackElo "2682"]
[Annotator "TA"]
[PlyCount "152"]
[EventDate "2019.05.18"]
[EventType "team-tourn"]
[EventCountry "FRA"]
[SourceTitle "playchess.com"]
[Source "ChessBase"]
[SourceQuality "1"]

{[%evp 18,152,29,29,52,46,57,53,55,49,24,0,0,0,0,-17,-17,-17,-17,-18,-7,-34,-30,-29,-32,-28,-22,-25,-22,-22,-22,-30,-22,-23,-22,-22,-22,-22,-23,-35,-33,-25,-29,-38,-10,-12,-24,-25,-25,-27,-11,-25,0,-1,0,0,0,0,0,-11,-8,-22,-61,-403,-395,-389,-359,-373,-359,-309,-283,-698,-690,-680,-590,-687,-629,-486,-486,-682,-680,-577,-629,-703,-664,-566,-645,-1164,-1486,-1612,-1109,-29966,-29967,-29953,-5255,-5106,-8432,-29968,-29969,-29956,-12366,-9209,-5082,-29971,-29972,-29970,-29972,-29967,-7552,-6090,-4743,-29976,-29978,-29978,-29979,-29979,-29980,-29980,-29981,-29981,-29982,-29982,-29983,-29983,-29984,-29984,-29985,-29985,-29986,-29986,-29987,-29987,-29988,-29988,-29989,-29989,-29990]} 1. c4 e5 2. Nc3 Nc6 3. Nf3 g6 4. d4 exd4 5. Nxd4 Bg7 6. Nxc6 bxc6 7. g3 Ne7 8. Bg2 O-O 9. O-O d6 10. Bg5 h6 {A27: English Opening: Three Knights Variation} (10... Be6 11. Qd3 Rb8 12. b3 c5 13. Rad1 h6 14. Bc1 Re8 15. Qd2 Kh7 16. Bb2 Ng8 17. Rfe1 Nf6 18. h3 {½-½ (33) So,W (2765)-Mamedyarov,S (2817) Kolkata 2018}) 11. Bxe7 $1 Qxe7 12. Bxc6 Rb8 $1 {White is slightly better.} 13. Qd2 Qg5 $1 {[%cal Rg5d2]} 14. Qxg5 hxg5 15. Rab1 {[#]} Bf5 $146 {[%mdl 2048] Black is more active.} ({Predecessor:} 15... Rb4 16. Bd5 Bf5 17. a3 Rb6 18. e4 {0-1 (37) De Kerpel,S (2196)-Sambuev,B (2599) Ottawa 2015}) 16. Be4 (16. e4 {seems wilder.} Be6 17. Rfc1 Bxc4 18. b4 a6 19. Bd5) 16... Bxe4 17. Nxe4 Rfe8 18. Nc3 Rb4 19. Rfc1 Bxc3 20. bxc3 Rxc4 $15 {[%mdl 4096] Endgame KRR-KRR} 21. Rc2 Re5 22. Rb4 Rec5 {Strongly threatening ...Rxb4.} (22... Rc6 {with more complications.} 23. Ra4 a5 24. f3 Kf8 25. Kf2 Ke7) 23. Rxc4 Rxc4 $11 {KR-KR} 24. Kf1 Kg7 25. Ke1 Kf6 26. Kd2 Ra4 27. Rb2 c5 28. Kc2 Ra3 29. h3 Ke6 30. Kd3 d5 31. e3 f6 32. f3 Ra4 33. Re2 Kd6 34. Rb2 Ra6 35. f4 Ra4 36. h4 gxh4 37. gxh4 Ke6 38. Rg2 Kf5 39. Rh2 Kg4 40. f5 $2 {[%mdl 8192]} (40. Rg2+ $15 Kh5 41. Rh2) 40... Kxf5 $19 41. h5 gxh5 $1 42. Rxh5+ Ke6 43. Rh8 Rxa2 44. e4 $2 (44. Re8+ Kf5 45. c4 Ra3+ 46. Ke2) 44... dxe4+ 45. Kxe4 Ra4+ 46. Kd3 f5 47. Rc8 Kd6 48. Rd8+ (48. Rg8 $142 Re4 49. c4) 48... Ke5 49. Rc8 Ra5 50. Ke3 f4+ 51. Kd3 Kf5 52. Rg8 Ra2 53. Rc8 Kg4 54. Rxc5 f3 55. Rc7 f2 56. Rf7 Kg3 57. Rg7+ Kh2 58. Rh7+ Kg2 (58... Kg1 $142 59. Rg7+ Kf1 60. Rg8 a5 61. c4 Re2 62. c5 a4 63. c6 Ke1 64. Rf8 Rd2+ 65. Kc4 a3 66. c7 a2 67. Rxf2 Rxf2 68. c8=Q Rc2+ 69. Kb3 Rxc8 70. Kxa2 Rc3 71. Kb2 Kd2 72. Kb1 Rc2 73. Ka1 Kc3 74. Kb1 Kb3 75. Ka1 Rc1#) 59. Rg7+ Kf1 60. Re7 Ra1 61. Rg7 Ke1 62. Re7+ {[#]} Kd1 $1 63. Rf7 {[#]} Ra2 $1 {[%cal Ra2d2]} 64. c4 Ra3+ {Black mates.} 65. Kd4 Ke2 66. Re7+ Kf3 67. Rf7+ Kg2 68. c5 f1=Q 69. Rxf1 Kxf1 {KR-KP} 70. c6 Ra1 71. Kd5 Rc1 72. Kd6 a5 {[%cal Ba7a5,Ba5a4,Ba4a3,Ba3a2][%mdl 32]} 73. c7 a4 74. Kd7 a3 75. c8=Q Rxc8 76. Kxc8 a2 {Accuracy: White = 47%, Black = 80%.} 0-1

[Event "FRA-chT Top 12 2019"]
[Site "Brest"]
[Date "2019.05.28"]
[Round "11.4"]
[White "Ragger, Markus"]
[Black "Sokolov, Andrei"]
[Result "1-0"]
[WhiteElo "2682"]
[BlackElo "2496"]
[Annotator "TA"]
[PlyCount "83"]
[EventDate "2019.05.18"]
[EventType "team-tourn"]
[EventCountry "FRA"]
[SourceTitle "playchess.com"]
[Source "ChessBase"]
[SourceQuality "1"]

{[%evp 10,83,50,45,55,53,64,46,41,14,54,56,52,37,66,62,61,62,68,62,71,68,65,77,67,61,70,53,120,122,114,112,113,112,112,123,116,109,109,106,103,99,106,101,100,100,100,100,108,89,96,89,122,71,144,86,162,152,178,159,189,175,187,187,205,205,197,194,465,455,433,461,470,456,609,602]} 1. e4 d5 2. exd5 Qxd5 3. Nc3 Qd8 4. d4 Nf6 5. Nf3 e6 6. Bd3 Nbd7 {B01: Scandinavian Defence} 7. Qe2 $146 ({Predecessor:} 7. Ne4 Nxe4 8. Bxe4 Nf6 9. Bg5 Qd6 10. Bxf6 gxf6 11. Qe2 Bd7 12. O-O-O O-O-O 13. c3 f5 14. Bc2 Bg7 15. Ne5 Bxe5 16. dxe5 Qc5 17. g3 {½-½ (51) Simic,D (2334)-Sedlak,N (2582) Zlatibor 2008}) 7... Be7 8. Be3 a6 {White is slightly better.} 9. Ne5 Nxe5 (9... c5 {looks sharper.} 10. O-O-O Qc7 11. f4 O-O 12. g4 b5) 10. dxe5 Nd5 11. Bd2 Bg5 12. O-O Bxd2 13. Qxd2 Nb4 14. Rad1 {Black must now prevent Bb5+!} Nxd3 15. Qe3 {[%mdl 64] Pin} Bd7 16. Rxd3 Qe7 17. Rfd1 Bc6 18. Ne4 O-O {[#]} (18... a5 $14) 19. Nf6+ $1 $16 Kh8 {[#]} ({Wrong is} 19... gxf6 $2 20. Qh6 $18) 20. Qg5 $1 {And now Rh3! would win.} Rfd8 {...Rxd3 is the strong threat.} 21. Nxh7 $1 {[%mdl 64] Threatening mate with Nf6! Discovered Attack} Rxd3 22. cxd3 Qxg5 23. Nxg5 {[%mdl 4096] Endgame KRB-KRN} Kg8 24. f4 Bd5 25. a3 Rd8 26. Kf2 f6 27. exf6 gxf6 28. Nf3 c5 29. h4 Kf7 30. g3 Rd6 31. Rd2 (31. Nd2 $142) 31... Rb6 (31... Bxf3 $142 32. Kxf3 f5) 32. Ng1 ({White should play} 32. g4) 32... e5 (32... f5 $16) 33. Ne2 $18 Be6 34. Ke3 Bf5 35. Nc3 exf4+ 36. Kxf4 Bg6 37. Ne4 Rc6 38. g4 c4 $2 (38... b6 {might work better.} 39. h5 Bh7) 39. h5 {White is clearly winning.} Bh7 40. d4 Re6 41. Nc5 Re1 42. d5 {Accuracy: White = 69%, Black = 45%.} 1-0

[Event "FRA-chT Top 12 2019"]
[Site "Brest"]
[Date "2019.05.28"]
[Round "11.4"]
[White "Postny, Evgeny"]
[Black "Wirig, Anthony"]
[Result "1/2-1/2"]
[WhiteElo "2603"]
[BlackElo "2516"]
[Annotator "TA"]
[PlyCount "39"]
[EventDate "2019.05.18"]
[EventType "team-tourn"]
[EventCountry "FRA"]
[SourceTitle "playchess.com"]
[Source "ChessBase"]
[SourceQuality "1"]

{[%evp 17,39,34,37,31,44,45,31,35,37,35,60,60,54,55,105,-82,-82,-86,-86,-90,-71,-79,-71,-82]} 1. d4 e6 2. c4 Bb4+ 3. Bd2 Bxd2+ 4. Qxd2 d6 5. Nf3 Nf6 6. Nc3 O-O 7. g3 Qe7 8. Bg2 e5 9. O-O Re8 10. h3 {E11: Bogo-Indian} h6 $146 ({Predecessor:} 10... e4 11. Ne1 Nbd7 12. Nc2 Nf8 13. Ne3 c6 14. Rae1 Nh5 15. Nxe4 f5 16. Nc3 f4 17. Ng4 fxg3 18. fxg3 Nxg3 {0-1 (50) Melkumyan,H (2654)-Horvath,A (2528) Zalakaros 2015}) 11. e4 a5 12. Rfe1 {White is slightly better.} Nc6 13. Rad1 Bd7 14. Nd5 Qd8 15. dxe5 Nxd5 16. exd6 $2 {[#]} ({Don't play} 16. Qxd5 $6 Nxe5 17. Nxe5 (17. Qxb7 Rb8 $11) 17... Rxe5 $11) (16. exd5 $16 {stays on course.} Nxe5 17. Nxe5 dxe5 18. d6) 16... Nb6 $1 $17 {[%cal Rb6c4] Black is better.} 17. c5 {dxc7 is the strong threat.} Nc4 18. Qc3 N4e5 19. Nxe5 Nxe5 20. f4 1/2-1/2

[Event "FRA-chT Top 12 2019"]
[Site "Brest"]
[Date "2019.05.28"]
[Round "11.4"]
[White "Hamitevici, Vladimir"]
[Black "Moussard, Jules"]
[Result "0-1"]
[WhiteElo "2476"]
[BlackElo "2583"]
[Annotator "TA"]
[PlyCount "94"]
[EventDate "2019.05.18"]
[EventType "team-tourn"]
[EventCountry "FRA"]
[SourceTitle "playchess.com"]
[Source "ChessBase"]
[SourceQuality "1"]

{[%evp 9,93,66,79,28,38,33,35,19,46,30,26,16,24,31,51,45,38,53,52,47,42,43,41,33,62,62,60,16,21,15,15,15,15,16,18,18,18,22,36,18,28,10,14,10,29,0,0,0,0,0,0,0,0,0,8,8,8,-8,-8,-8,-8,-8,-8,-8,-8,-8,-8,-8,-8,-74,-74,-74,8,0,0,-74,-74,-930,-895,-390,-390,-29978,-29979,-29979,-29976,-29999]} 1. e4 g6 2. d4 Bg7 3. Nc3 a6 4. h4 (4. f4 b5 5. Nf3 d6 6. Bd3 Nd7 7. e5 c5 8. Be4 Rb8 9. Be3 b4 10. Ne2 Nh6 11. dxc5 Nxc5 12. Bxc5 dxc5 13. Bc6+ Bd7 14. Qd5 Rc8 15. Bxd7+ Qxd7 16. Qxd7+ Kxd7 {1-0 (41) Yu,Y (2760)-Adhiban,B (2655) chess.com INT 2018}) 4... d5 5. Nxd5 e6 6. Ne3 {B06: Modern Defence} ({Weaker is} 6. Bg5 f6 $17) (6. Nc3 $16) 6... Qxd4 $11 7. Qxd4 Bxd4 8. h5 $146 {White is slightly better.} ({Predecessor:} 8. Nf3 Bg7 9. h5 Nd7 10. Ng4 Ngf6 11. h6 Bf8 12. Nxf6+ Nxf6 {½-½ (45) Li,R (2486)-Kadric,D (2546) Philadelphia 2016}) 8... Nd7 9. f4 Bg7 10. e5 f6 11. exf6 Ndxf6 12. hxg6 hxg6 13. Rxh8 Bxh8 14. Bd3 Ne7 15. Nf3 Nd7 16. c3 Nc5 17. Bc2 b6 18. Bd2 Bb7 19. O-O-O Bxf3 20. gxf3 Rd8 21. Be1 Rxd1+ 22. Kxd1 Nf5 23. Ng4 Nd7 24. a4 Ke7 25. b4 b5 26. a5 Kd6 27. Kd2 Bg7 28. Bf2 Ne7 29. Bg3 Nd5 30. f5+ Ke7 31. Bh4+ Kf7 32. fxg6+ Kg8 33. Bb3 $132 {[%mdl 2048] White has counterplay} Bxc3+ {[%mdl 64] [#] Double Attack} 34. Kd3 {Black must now prevent Bxd5.} Bxb4 {Strongly threatening ...Nc5+.} 35. Bxd5 $1 exd5 {[%mdl 4096] Endgame KBN-KBN} 36. f4 $1 Bd6 37. f5 Ne5+ 38. Nxe5 Bxe5 {KB-KB} 39. f6 (39. Ke3 $11) 39... c5 $17 40. Kc2 Bd4 (40... c4 $17 41. Bg5 b4) 41. Bg5 Be5 42. Bh4 (42. Kb3 $11 {remains equal.}) 42... c4 43. Bg5 $2 {[%mdl 8192]} (43. Kc1 $17) 43... b4 $19 {[%cal Bb5b4,Bb4b3][%mdl 32]} 44. f7+ Kf8 {Hoping for ...b3+.} 45. Bd2 $2 {[#]} (45. Kb1 $19 b3 46. Bc1) 45... b3+ {Black mates.} 46. Kb1 c3 47. Bc1 c2# {Accuracy: White = 37%, Black = 75%.} 0-1

[Event "FRA-chT Top 12 2019"]
[Site "Brest"]
[Date "2019.05.28"]
[Round "11.4"]
[White "Marcelin, Cyril"]
[Black "Libiszewski, Fabien"]
[Result "1/2-1/2"]
[WhiteElo "2451"]
[BlackElo "2511"]
[Annotator "RC"]
[PlyCount "21"]
[EventDate "2019.05.18"]
[EventType "team-tourn"]
[EventCountry "FRA"]
[SourceTitle "playchess.com"]
[Source "ChessBase"]
[SourceQuality "1"]
[TimeControl "40/5400+30:1800+30"]

1. d4 {[%emt 0:00:17]} d5 {[%emt 0:00:00]} 2. c4 {[%emt 0:00:20]} c6 {[%emt 0:00:18]} 3. cxd5 {[%emt 0:00:22]} cxd5 {[%emt 0:00:10]} 4. Nc3 {[%emt 0:00:27]} Nf6 {[%emt 0:00:36]} 5. Nf3 {[%emt 0:00:43]} Nc6 {[%emt 0:00:34]} 6. Bf4 {[%emt 0:00:26]} e6 {[%emt 0:01:01]} 7. Rc1 {[%emt 0:10:37]} Bd6 {[%emt 0:01:52]} 8. Bxd6 {[%emt 0:01:40]} Qxd6 {[%emt 0:00:07]} 9. e3 {[%emt 0:00:22]} O-O {[%emt 0:00:58]} 10. Bd3 {[%emt 0:00:38]} Bd7 {[%emt 0:01:11]} 11. O-O {[%emt 0:00:18]} 1/2-1/2